000 00747nam a2200277Ia 4500
003 OSt
005 20220912150636.0
006 a|||||r|||| 00| 0
007 ta
008 220909b |||||||| |||| 00| 0 eng d
024 _a29694
037 _cTextual
040 _aCSL
_beng
_cCSL
041 _aeng
082 _aB48, M1;1 EB
100 _aGohberg Israel
245 0 _aBasic operator theory
260 _aBoston
_bBoston Birkhauser
_c1981
300 _axiii,285p.
_ccm.
500 _aAppendix (p.
_ccm.265-79) (1-4)
650 _a Operator theory
650 _aOperational
700 _a Goldberg Seymour
942 _hB48, M1;1 EB
_cTEXL
_2CC
999 _c51719
_d51719